000
00288nam a22001337a 4500
008
170612b xxu||||| |||| 00| 0 eng d
020
_a
9780072514612
041
_a
eng
080
_2
4TH
_a
32
100
_a
19
101
_a
SHP
245
_a
WORLD POLITICS
_c
ROURKE,J.T
942
_2
udc
_c
BK
999
_c
16827
_d
16827